000 00988nam a22002777a 4500
001 BR7400176
003 BR-BrBNA
005 20230928084501.0
007 ta
008 230509b bl.||||| |||| 00| 0 por d
040 _aBR-BrBNA
_bpor
_cBiblioteca Nacional de Agricultura
041 _a(Por)
072 _aF30
_b2120
_b/G514
090 _ 2120 BR7400176
100 1 _aKrug, C.A.
110 1 _aSuperintendencia dos Servicos do Cafe, Sao Paulo, SP (Brasil)
_910225
245 1 _aMelhoramento do cafeeiro
_bDoze anos (1933-1944)de pesquisas basicas e aplicadas realizadas nas Seccoes de Genetica, Cafe e Citologia do Instituto Agronomico
260 3 _aSao Paulo, SP (Brasil):
_c[nd].
300 _a32 p.
500 _a50 ref.; Published after 1945; Reprint of "Boletim da Superintendencia dos Servicos do Cafe; Aug, Sep, Oct, 1945 no. 222, 223, 224
650 _aCAFE
650 _aSEMENTE
650 _aGENETICA VEGETAL
909 _a202309
_bLucia
_c55
_dLucia Elande
942 _cBK
999 _c19267
_d19267